5HLuxD.jpg

KING HENRY VIII SENIOR AND PRIMARY SCHOOL LIBRARY OPAC

Cambridge International A and AS level geography / (Record no. 2670)

000 -LEADER
fixed length control field 01274pam a22003971i 4500
001 - CONTROL NUMBER
control field 017817720
003 - CONTROL NUMBER IDENTIFIER
control field Uk
005 - DATE AND TIME OF LATEST TRANSACTION
control field 20230809144621.0
006 - FIXED-LENGTH DATA ELEMENTS--ADDITIONAL MATERIAL CHARACTERISTICS
fixed length control field m || d |
007 - PHYSICAL DESCRIPTION FIXED FIELD--GENERAL INFORMATION
fixed length control field cr |||||||||||
008 - FIXED-LENGTH DATA ELEMENTS--GENERAL INFORMATION
fixed length control field 160408s2016 enkab ob 001|0|eng|d
015 ## - NATIONAL BIBLIOGRAPHY NUMBER
National bibliography number GBB659053
Source bnb
020 ## - INTERNATIONAL STANDARD BOOK NUMBER
International Standard Book Number 9781471868566 (pbk.)
037 ## - SOURCE OF ACQUISITION
Stock number HachetteUK531941
Source of stock number/acquisition Ingram Content Group
040 ## - CATALOGING SOURCE
Original cataloging agency StDuBDS
Language of cataloging eng
Transcribing agency StDuBDS
Modifying agency Uk
-- KH8
Description conventions rda
-- pn
042 ## - AUTHENTICATION CODE
Authentication code ukblsr
082 04 - DEWEY DECIMAL CLASSIFICATION NUMBER
Classification number 910 NAG
100 1# - MAIN ENTRY--PERSONAL NAME
Personal name Nagle, Garrett,
Relator term author.
245 10 - TITLE STATEMENT
Title Cambridge International A and AS level geography /
Statement of responsibility, etc. Garrett Nagle.
250 ## - EDITION STATEMENT
Edition statement Second edition.
264 #1 - PRODUCTION, PUBLICATION, DISTRIBUTION, MANUFACTURE, AND COPYRIGHT NOTICE
Place of production, publication, distribution, manufacture London :
Name of producer, publisher, distributor, manufacturer Hodder Education,
Date of production, publication, distribution, manufacture, or copyright notice 2016.
300 ## - PHYSICAL DESCRIPTION
Extent 488 pages:
Other physical details illustrations (colour), maps (colour);
Dimensions 8.35 x 0.87 x 10.87 inches.
336 ## - CONTENT TYPE
Content type term text
Source rdacontent
336 ## - CONTENT TYPE
Content type term still image
Source rdacontent
336 ## - CONTENT TYPE
Content type term cartographic image
Source rdacontent
337 ## - MEDIA TYPE
Media type term computer
Source rdamedia
338 ## - CARRIER TYPE
Carrier type term online resource
Source rdacarrier
500 ## - GENERAL NOTE
General note Previous edition: 2011.
504 ## - BIBLIOGRAPHY, ETC. NOTE
Bibliography, etc. note Includes bibliographical references and index.
588 ## - SOURCE OF DESCRIPTION NOTE
Source of description note Description based on CIP data; item not viewed.
650 #0 - SUBJECT ADDED ENTRY--TOPICAL TERM
Topical term or geographic name entry element Geography.
776 08 - ADDITIONAL PHYSICAL FORM ENTRY
Relationship information Print version :
International Standard Book Number 9781471868566
903 ## - LOCAL DATA ELEMENT C, LDC (RLIN)
a ELD.DS.65433
942 ## - ADDED ENTRY ELEMENTS (KOHA)
Source of classification or shelving scheme
Koha item type Teaching Resources
Holdings
Withdrawn status Lost status Source of classification or shelving scheme Damaged status Not for loan Collection code Permanent Location Current Location Shelving location Date acquired Total Checkouts Full call number Barcode Date last seen Date last checked out Price effective from Koha item type Date due
          Teaching Resources KH8 Senior School Library KH8 Senior School Library Staff Office 2023-08-09 1 910 NAG TRKHSL001490 2025-07-11 2024-11-07 2023-08-09 Teaching Resources  
          Teaching Resources KH8 Senior School Library KH8 Senior School Library Staff Office 2026-01-26 1 910 NAG TRKHSL006918 2026-01-30 2026-01-30 2026-01-26 Teaching Resources 2026-07-03
          Teaching Resources KH8 Senior School Library KH8 Senior School Library Staff Office 2026-01-26 1 910 NAG TRKHSL006919 2026-01-30 2026-01-30 2026-01-26 Teaching Resources 2026-07-03

Powered By KH8 IT Dept